header

Microsoft Access VBA programming for the absolute beginner (Record no. 55238)

MARC details
000 -LEADER
fixed length control field 01358nam a2200361Ia 4500
082 04 - DEWEY DECIMAL CLASSIFICATION NUMBER
Classification number 005.75/65
100 1# - MAIN ENTRY--AUTHOR NAME
Personal name Vine, Michael A.
245 10 - TITLE STATEMENT
Title Microsoft Access VBA programming for the absolute beginner
250 ## - EDITION STATEMENT
Edition statement 2nd ed.
260 ## - PUBLICATION, DISTRIBUTION, ETC. (IMPRINT)
Place of publication Boston, Mass. :
Name of publisher Thomson Course Technology,
Year of publication c2005.
300 ## - PHYSICAL DESCRIPTION
Number of Pages xiv 371 p. :
Other physical details ill.
490 1# - SERIES STATEMENT
Series statement For the absolute beginner (Series)
500 ## - GENERAL NOTE
General note Includes index.
650 #0 - SUBJECT ADDED ENTRY--TOPICAL TERM
Topical Term Application software
Topical Term Database management.
856 40 - ELECTRONIC LOCATION AND ACCESS
Uniform Resource Identifier http://site.ebrary.com/lib/rucke/Doc?id=10082086

No items available.

© 2026 Rongo University
Contact us: librarian | system librarian | Rongo university